The noble scholar, jurist, historian


 His Excellency Dr. Abdul Wahhab bin Ibrahim Abu Sulaiman, may Allah have mercy on him.


 He was born in Umm Al-Qura in the year 1356 AH.

دليل الباحث إلى مصادر الأوقاف في مكتبات المملكة العربية السعودية / (Record no. 6753)

MARC details
000 -LEADER
fixed length control field 01333cam a22002771i 4500
003 - CONTROL NUMBER IDENTIFIER
control field SA-RiAUC
005 - DATE AND TIME OF LATEST TRANSACTION
control field 20250408055959.0
008 - FIXED-LENGTH DATA ELEMENTS--GENERAL INFORMATION
fixed length control field 250407s1999 su g b f00000 ara c
020 ## - INTERNATIONAL STANDARD BOOK NUMBER
International Standard Book Number 9960292886
040 ## - CATALOGING SOURCE
Original cataloging agency SA-RiAUC
Language of cataloging ara
Transcribing agency SA-RiAUC
Description conventions rda
043 ## - GEOGRAPHIC AREA CODE
Geographic area code a-su---
082 04 - DEWEY DECIMAL CLASSIFICATION NUMBER
Classification number 016.253902
Assigning agency SA-RiAUC
090 ## - LOCALLY ASSIGNED LC-TYPE CALL NUMBER (OCLC); LOCAL CALL NUMBER (RLIN)
Classification number (OCLC) (R) ; Classification number, CALL (RLIN) (NR) 016.253902
Local cutter number (OCLC) ; Book number/undivided call number, CALL (RLIN) د ل ي
245 00 - TITLE STATEMENT
Title دليل الباحث إلى مصادر الأوقاف في مكتبات المملكة العربية السعودية /
Statement of responsibility, etc. جمع وترتيب عبد الرحمن بن محمد بن محمد البديع ؛ تقديم صالح بن عبد العزيز بن محمد آل الشيخ.
250 ## - EDITION STATEMENT
Edition statement الطبعة الأولى.
264 #1 - PRODUCTION, PUBLICATION, DISTRIBUTION, MANUFACTURE, AND COPYRIGHT NOTICE
Place of production, publication, distribution, manufacture الرياض :
Name of producer, publisher, distributor, manufacturer وزارة الشؤون الإسلامية والأوقاف والدعوة والإرشاد،
Date of production, publication, distribution, manufacture, or copyright notice 1999
300 ## - PHYSICAL DESCRIPTION
Extent 254 صفحة ؛
Dimensions 24 سم
336 ## - CONTENT TYPE
Content type term نص
Content type code txt
Source rdacontent
Materials specified كتاب
337 ## - MEDIA TYPE
Media type term بدون وسيط
Media type code n
Source rdamedia
338 ## - CARRIER TYPE
Carrier type term مجلد
Carrier type code nc
Source rdacarrier
650 #7 - SUBJECT ADDED ENTRY--TOPICAL TERM
Topical term or geographic name entry element الوقف
Form subdivision ببليوجرافيات
Source of heading or term aucsh
700 1# - ADDED ENTRY--PERSONAL NAME
Personal name البديع، عبد الرحمن بن محمد بن محمد،
Dates associated with a name 1392 هجري-
Relator term جامع.
700 1# - ADDED ENTRY--PERSONAL NAME
Personal name الشيخ، صالح بن عبد العزيز بن محمد
Dates associated with a name 1378 هجري-
Relator term مقدم.
942 ## - ADDED ENTRY ELEMENTS (KOHA)
Source of classification or shelving scheme Dewey Decimal Classification
Koha item type Books
Suppress in OPAC No
949 ## - LOCAL PROCESSING INFORMATION (OCLC)
a SA-JeALM
d 250407
u osman123
n 1
Holdings
Withdrawn status Lost status Source of classification or shelving scheme Damaged status Not for loan Home library Current library Date acquired Total checkouts Full call number Barcode Date last seen Price effective from Koha item type
    Dewey Decimal Classification     DR AbdElwahab Library DR AbdElwahab Library 04/08/2025   016.253902 د ل ي 000011801 04/08/2025 04/08/2025 Books
    Dewey Decimal Classification     DR AbdElwahab Library DR AbdElwahab Library 04/08/2025   016.253902 د ل ي 000011802 04/08/2025 04/08/2025 Books